Anomalies and Curiosities of Medicine (Record no. 230098)
[ view plain ]
| 000 -LEADER | |
|---|---|
| fixed length control field | 01271cam a22002533a 4500 |
| 001 - CONTROL NUMBER | |
| control field | 747 |
| 003 - CONTROL NUMBER IDENTIFIER | |
| control field | PGUSA |
| 005 - DATE AND TIME OF LATEST TRANSACTION | |
| control field | 20140828082952.0 |
| 008 - FIXED-LENGTH DATA ELEMENTS--GENERAL INFORMATION | |
| fixed length control field | 961201s1996||||xxu|||||s|||||000 | eng d |
| 040 ## - CATALOGING SOURCE | |
| Original cataloging agency | PGUSA |
| Language of cataloging | eng |
| 042 ## - AUTHENTICATION CODE | |
| Authentication code | dc |
| 050 #4 - LIBRARY OF CONGRESS CALL NUMBER | |
| Classification number | R |
| 100 1# - MAIN ENTRY--PERSONAL NAME | |
| Personal name | Pyle, Walter L. |
| Fuller form of name | (Walter Lytle), |
| Dates associated with a name | 1871-1921 |
| 245 10 - TITLE STATEMENT | |
| Title | Anomalies and Curiosities of Medicine |
| Medium | [electronic resource] / |
| Statement of responsibility, etc | Walter L. Pyle |
| 260 ## - PUBLICATION, DISTRIBUTION, ETC. (IMPRINT) | |
| Name of publisher, distributor, etc | Project Gutenberg, |
| Date of publication, distribution, etc | 1996 |
| 505 0# - FORMATTED CONTENTS NOTE | |
| Formatted contents note | Genetic anomalies -- Prenatal anomalies -- Obstetric anomalies -- Prolificity -- Major terata -- Minor terata -- Anomalies of stature, size, and development -- Longevity -- Physiologic and functional anomalies -- Surgical anomalies of the head and neck -- Surgical anomalies of the extremities -- Surgical anomalies of the thorax and abdomen -- Surgical anomalies of the genitourinary system -- Miscellaneous surgical anomalies -- Anomalous types and instances of disease -- Anomalous skin-diseases -- Anomalous nervous and mental diseases -- Historic epidemics. |
| 506 ## - RESTRICTIONS ON ACCESS NOTE | |
| Terms governing access | Public domain in the USA. |
| 516 ## - TYPE OF COMPUTER FILE OR DATA NOTE | |
| Type of computer file or data note | Electronic text |
| 653 ## - INDEX TERM--UNCONTROLLED | |
| Uncontrolled term | Medicine -- Anecdotes |
| 653 ## - INDEX TERM--UNCONTROLLED | |
| Uncontrolled term | Abnormalities, Human |
| 830 #0 - SERIES ADDED ENTRY--UNIFORM TITLE | |
| Uniform title | Project Gutenberg |
| Volume number/sequential designation | 747 |
| 856 40 - ELECTRONIC LOCATION AND ACCESS | |
| Uniform Resource Identifier | <a href="http://www.gutenberg.org/ebooks/747">http://www.gutenberg.org/ebooks/747</a> |
| 942 ## - ADDED ENTRY ELEMENTS (KOHA) | |
| Koha item type | eBooks |
| Withdrawn status | Lost status | Damaged status | Home library | Current library | Date acquired | Total Checkouts | Date last seen | Price effective from | Koha item type |
|---|---|---|---|---|---|---|---|---|---|
| Project Gutenberg | Project Gutenberg | 08/28/2014 | 08/28/2014 | 08/28/2014 | eBooks |